000 00602nam a2200205Ia 4500
003 GCL
008 140319s9999 xx 000 0 ara d
040 _aGCL /
_cGCL
082 0 4 _aق
_b215.96216
_bم ت
100 1 _aمحمد عبدالله عنان
245 1 0 _aتاريخ الجامع الازهر /
_cمحمد عبدالله عنان
260 _a[S.N] :
_bدار الكتب المصرية ،
_c1958
300 _a315 ص
490 _a
650 0 4 _aمصر
650 0 4 _aتاريخ
650 0 4 _aالازهر (جامع)
650 0 4 _aمسجد الحاكم الجامع
942 _2ddc
_cBK
999 _c59042
_d59042